<?xml version="1.0" encoding="UTF-8"?>
<marc:record xmlns:marc="http://www.loc.gov/MARC21/slim">
   <marc:leader>00000nam a2200000 a 4500</marc:leader>
   <marc:datafield ind1=" " ind2=" " tag="653">
      <marc:subfield code="a">Mathematik</marc:subfield>
   </marc:datafield>
   <marc:datafield ind1=" " ind2=" " tag="653">
      <marc:subfield code="a">Duden</marc:subfield>
   </marc:datafield>
   <marc:datafield ind1=" " ind2=" " tag="653">
      <marc:subfield code="a">Schüler</marc:subfield>
   </marc:datafield>
   <marc:datafield ind1="0" ind2="0" tag="245">
      <marc:subfield code="a">Die Mathematik II</marc:subfield>
   </marc:datafield>
   <marc:datafield ind1="0" ind2="0" tag="245">
      <marc:subfield code="b">Ein Lexikon zur Schulmathematik Sekundarstufe II
(11. - 13. Schuljahr)</marc:subfield>
   </marc:datafield>
   <marc:datafield ind1=" " ind2="1" tag="264">
      <marc:subfield code="b">Bibliogr. Inst.</marc:subfield>
      <marc:subfield code="c">1991</marc:subfield>
   </marc:datafield>
   <marc:datafield ind1="1" ind2=" " tag="490">
      <marc:subfield code="a">Duden für Schüler</marc:subfield>
   </marc:datafield>
   <marc:datafield ind1="1" ind2=" " tag="520">
      <marc:subfield code="a">Die bemerkenswerteste Änderung der 3. Auflage gegenüber der 2. (BA 12/82, 353) ist, dass das Thema "Informatik" in diesem Band, obgleich auf dem Einbanddeckel noch genannt, nicht mehr behandelt wird, da es in einem eigenen Band (BA 3/87) bearbeitet worden ist. Ansonsten sind kleinere erläuternde und ergänzende Zusätze bei einigen abgehandelten Stichwörtern hinzugekommen, Abbildungen z.T. mit Unterschriften versehen und einige Umstellungen von Text und Abbildungen vorgenommen worden. Der Umfang hat sich um 10 Seiten erhöht, und vor dem Symbolverzeichnis und Register ist ein Artikel über fraktale Geometrie eingefügt worden. Ältere Auflagen müssen nicht gelöscht werden. (1 A,S)</marc:subfield>
   </marc:datafield>
   <marc:datafield ind1="3" ind2=" " tag="024">
      <marc:subfield code="a">3411042737</marc:subfield>
   </marc:datafield>
</marc:record>
